Estatísticas para Cultura Geral

Clique aqui para jogar o quiz

Estatísticas Gerais

  • Esse quiz foi jogado 9 vezes
  • A pontuação média é 6 de 15

Estatísticas das Respostas

HintResposta% Correto
De que país é Iker Casillas?Espanha
67%
Que nome damos á capacidade de reconhecer gostos de substâncias quando colocadas sobre a língua?Paladar
67%
Que nome damos á ação de crer na verdade ou na possibilidade de uma coisa?Crença
56%
Que nome damos ao grupo de pessoas ligadas por consaguinidade, afinidade ou co-residência?Família
56%
Que nome damos ao casamento com mais de um cônjuge?Poligamia
56%
Que nome damos ao rito de passagem, feito normalmente com água sobre o iniciado através da imersão, efusão ou aspersão?Batismo
44%
Que nome damos á atração romântica e/ou sexual entre pessoas do sexo ou gênero oposto?Heterossexualidade
44%
Em que país teve origem o selo postal?Reino Unido
44%
Que nome damos a uma povoação que tem categoria superior a uma aldeia e inferior a uma cidade?Vila
44%
Que nome damos ao conjunto de características físicas, mentais e comportamentais que distinguem entre masculinidade e feminilidade?Género
33%
Que nome damos ao estudo ou ciência que estuda fatos e documentos levantados pela etnografia?Etnologia
22%
Que nome damos ao estudo e o colecionismo de selos postais e materiais relacionados?Filatelia
22%
Que nome damos á prática ou desejo de relacionamentos íntimos com mais de um parceiro?Poliamor
22%
Que nome se dá ao colecionismo de cartões postais?Cartofilia
11%
Que nome damos ao coleccionismo e estudo de marcas postais (carimbos)?Marcofilia
11%

Distribuição das Pontuações

Percentil de Números Respondidos

Porcentagem de Pessoas com Cada Pontuação

Sua Pontuação Histórica

Você não jogou esse quiz